| 000 | 00547nam a22002051c 4500 | ||
|---|---|---|---|
| 001 | a987664604 | ||
| 008 | 091002s2009 gw |||| 000u rus d | ||
| 041 | _arus | ||
| 100 | 1 | _aBlinova, Anna N. | |
| 245 | 0 | 0 | _aEtnografija sem'i i detstva nemeckogo naselenija Zapadnoj Sibiri v XX - načale XXI veka |
| 264 |
_aOmsk : _bNauka, _c2009 |
||
| 300 | _a326 S. | ||
| 650 | 0 | _aDeutsche | |
| 651 | 0 | _aSibirien | |
| 651 | 0 | _aWestsibirien | |
| 700 | 1 |
_aČernova, Irina N. _eVerfasserIn |
|
| 942 | _cMG | ||
| 040 | _cRU-10907106 | ||
| 003 | RU-10907106 | ||
| 999 |
_c19341 _d19341 |
||